000 00580nam a2200217Ia 4500
003 OSt
005 20220928145717.0
006 a|||||r|||| 00| 0
007 ta
008 220927b |||||||| |||| 00| 0 eng d
024 _a82345
037 _cTextual
040 _aSDCL
_cSDCL
_beng
041 _2eng
_aeng
082 _aXjN28, N8
100 _aNayyar Deepak Ed.
_9415181
245 0 _aEconomics as ideology and experience
_bEssays in Honour of Ashok Mitra.
260 _c1998
942 _hXjN28, N8
_cTEXL
_2CC
999 _c835067
_d835067